1629 1044 1762 1887 1600 1575 1913 1555 1160 1196 1934 1118 1512 1273 1354 1462 1836 1301 1451 1652 1083 1247 1221 1899 1088 1939 1023 1452 1714 1799 1308 1052 1767 1741 1541 1268 1620 1620 1318 1224 1614 1429 1219 1172 1606 1001 1231 1058 1408 1216 1192 1573 1000 1654 1712 1726 1040 1963 1036 1192 1105 1557 1248 1335 1413 1606 1035 1417 1372 1354 1950 1409 1235 1249 1506 1915 1636 1948 1085 1541 1833 1104 1325 1904 1594 1782 1339 1532 1562 1846 1222 1679 1231 1742 1908 1817 1429 1609 1443 BCNSPRNW ULIB Ver.6.0+V

เปลี่ยนเป็นภาษาไทย

Change to English
 แสดงรายละเอียดบรรณานุกรม
  กลับหน้าหลัก

Brief Record : Get Marc (ISO 2709) : E-mail record : QR code < ปิดหน้าต่าง
LEADER : 00000nam 2200000uu 4500
001    13399114274
003     ULIB
008    110602s||||||||th 000 0 tha d
020    9789741114320
060 04 WQ100^bค125ส
100 0  ประสงค์ ตันมหาสมุทร
245 00 สูตินรีเวชทันยุค =^bOB-GYN in practice 2011 /^cบรรณาธิการ,ประสงค์ ตันมหาสมุทร ... [และคนอื่นๆ]
246 31 OB-GYN in practice 2011
250    พิมพ์ครั้งที่ 1
260    กรุงเทพฯ :^bภาควิชาสูติศาสตร์-นรีเวชวิทยาคณะแพทยศาสตร์ศิริราชพยาบาล มหาวิทยาลัยมหิดล,^c2554
300    404 หน้า :^bภาพประกอบ ;^c26 ซม.
650  7 นรีเวชวิทยา
650  7 สูติศาสตร์
653    ผลงานอาจารย์คณะแพทยศาสตร์ศิริราชพยาบาล
700 0  พฤหัส จันทร์ประภาพ,^eบรรณาธิการร่วม
700 0  อรรถพล ใจชื่น,^eบรรณาธิการร่วม
700 0  ธันยารัตน์ วงศ์วนานุรักษ์,^eบรรณาธิการร่วม
700 0  ตรีภพ เลิศบรรณพงษ์,^eบรรณาธิการร่วม
710 2  มหาวิทยาลัยมหิดล. ^bคณะแพทยศาสตร์ศิริราชพยาบาล.^bภาควิชาสูติศาสตร์-นรีเวชวิทยา
945    ^p400^l0^i031279
945    ^p400^l0^i031280
945    ^p400^l0^i031281
945    ^p400^l0^i031282
945    ^p400^l0^i031283
945    ^p400^l0^i031284
945    ^p400^l0^i031285
995    ทศพร
999 ^a ใช้งานได้ทุกระบบ
รายการนี้ยังไม่มีแท็ก
คุณยังไม่ได้ล็อกอิน คุณสามารถมีกิจกรรมร่วมกับเว็บไซต์ได้ แต่ต้องล็อกอินก่อน ::
  ล็อกอิน

รายการสื่อสารสนเทศ

ลำดับที่ ประเภท เลขเรียก/บาร์โค้ด สถานที่ สถานะ
1. วิทยาศาสตร์การแพทย์ และสุขภาพ
หนังสือสำรอง
สถานะ=หนังสือสำรอง
WQ100 ค125ส ฉ.1 
  Barcode: 031279
ห้องสมุดวิทยาเขตสวรรค์ประชารักษ์
►ส่วนจัดเก็บหนังสือเก่า สปร
บนชั้น
  ขอยืม
2. วิทยาศาสตร์การแพทย์ และสุขภาพ
วิทยาศาสตร์การแพทย์ และสุขภาพ
WQ100 ค125ส ฉ.2 
  Barcode: 031280
ห้องสมุดวิทยาเขตสวรรค์ประชารักษ์
►ส่วนจัดเก็บหนังสือเก่า สปร
บนชั้น
  ขอยืม
3. วิทยาศาสตร์การแพทย์ และสุขภาพ
วิทยาศาสตร์การแพทย์ และสุขภาพ
WQ100 ค125ส ฉ.3 
  Barcode: 031281
ห้องสมุดวิทยาเขตสวรรค์ประชารักษ์
►ส่วนจัดเก็บหนังสือเก่า สปร
บนชั้น
  ขอยืม
4. วิทยาศาสตร์การแพทย์ และสุขภาพ
วิทยาศาสตร์การแพทย์ และสุขภาพ
WQ100 ค125ส ฉ.4 
  Barcode: 031282
ห้องสมุดวิทยาเขตสวรรค์ประชารักษ์
►ส่วนจัดเก็บหนังสือเก่า สปร
บนชั้น
  ขอยืม
5. วิทยาศาสตร์การแพทย์ และสุขภาพ
วิทยาศาสตร์การแพทย์ และสุขภาพ
WQ100 ค125ส ฉ.5 
  Barcode: 031283
ห้องสมุดวิทยาเขตสวรรค์ประชารักษ์
►ส่วนจัดเก็บหนังสือเก่า สปร
บนชั้น
  ขอยืม
6. วิทยาศาสตร์การแพทย์ และสุขภาพ
วิทยาศาสตร์การแพทย์ และสุขภาพ
WQ100 ค125ส ฉ.6 
  Barcode: 031284
ห้องสมุดวิทยาเขตสวรรค์ประชารักษ์
►ส่วนจัดเก็บหนังสือเก่า สปร
บนชั้น
  ขอยืม
7. วิทยาศาสตร์การแพทย์ และสุขภาพ
วิทยาศาสตร์การแพทย์ และสุขภาพ
WQ100 ค125ส ฉ.7 
  Barcode: 031285
ห้องสมุดวิทยาเขตสวรรค์ประชารักษ์
►ส่วนจัดเก็บหนังสือเก่า สปร
บนชั้น
  ขอยืม

รายการใกล้เคียง
    ผู้แต่ง [ประสงค์ ตันมหาสมุทร]

    หัวเรื่อง [นรีเวชวิทยา]
    หัวเรื่อง [สูติศาสตร์]

BibComment


ยังไม่เคยถูกคอมเมนท์

คอมเมนท์ทรัพยากรรายการนี้
  คอมเมนท์: สูตินรีเวชทันยุค ..


 Copyright 2026. Bcnsprnw @Library